000 00836cam a2200253 a 4500
001 000006331
003 DO-SdBNP
005 20210928101525.0
007 ta
008 921001s 1995 pr a 001 p spa d
020 _a0865815909
040 _aDO-SdBNP
_bspa
_cBNPHU
082 4 _aPR 861.44
_bB957
100 1 _aBurgos, Julia de,
_d1914-1953.
_914090
245 1 0 _aJulia de Burgos /
_cJulia de Burgos ; ilustraciones de Torres Martino.
260 _aSan Juan de Puerto Rico :
_b Instituto de Cultura Puertorriqueña,
_c1995.
300 _a53 p. :
_bil. ;
_c31 cm.
490 1 _aCuadernos de poesía
_v9
500 _aEs una reimpresión en año 2004 de la edición de 1995
650 1 4 _aPoesía puertorriqueña
_91015
650 1 4 _aLiteratura puertorriqueña
_917645
830 0 _aCuadernos de poesía ;
_v9
_917368
942 _2ddc
_cLBS1
999 _c6126
_d6126